Documento expedido el 1 de mayo de 1709 (Record no. 5015)
[ view plain ]
| 000 -CABECERA | |
|---|---|
| campo de control de longitud fija | 01297nam a2200265 a 4500 |
| 001 - NÚMERO DE CONTROL | |
| campo de control | BRCA_5321 |
| 005 - FECHA Y HORA DE LA ÚLTIMA TRANSACCIÓN | |
| campo de control | 20190320205030.0 |
| 008 - DATOS DE LONGITUD FIJA--INFORMACIÓN GENERAL | |
| campo de control de longitud fija | 031210m17091710mx-######v---#000-0#spa-# |
| 041 ## - CÓDIGO DE LENGUA | |
| Código de lengua del texto/banda sonora o título independiente | spa |
| 044 ## - CÓDIGO DEL PAÍS DE LA ENTIDAD EDITORA/PRODUCTORA | |
| Código MARC del país | mx |
| 084 ## - OTRO NÚMERO DE CLASIFICACIÓN | |
| Número de clasificación | DOC148c |
| Número de documento/Ítem | .A93 |
| -- | 1709 |
| 100 1# - ENTRADA PRINCIPAL--NOMBRE DE PERSONA | |
| Nombre de persona | Ayala Altamirano, Nicólas de. |
| Títulos y otros términos asociados al nombre | Obispo |
| 9 (RLIN) | 13647 |
| 245 10 - MENCIÓN DE TÍTULO | |
| Título | Documento expedido el 1 de mayo de 1709 |
| Mención de responsabilidad, etc. | Nicólas de Ayala Altamirano, Duque de Alburqueque. |
| 260 ## - PUBLICACIÓN, DISTRIBUCIÓN, ETC. | |
| Lugar de publicación, distribución, etc. | México |
| Fecha de publicación, distribución, etc. | 1709-1710 |
| 300 ## - DESCRIPCIÓN FÍSICA | |
| Extensión | [2] fojas |
| Dimensiones | 30 x 21 cm |
| 500 ## - NOTA GENERAL | |
| Nota general | Denuncia de la mina denominada Nuestra Señora de Loreto ante el excelentísimo Duque de Alburqueque para concederle facultades al Licenciado Don Nicólas de Ayala Altamirando Obispo de Menores Ordenes de este arzobispado y abogado de esta Real Audiencia para benificiar la mina conforme a lo dispuesto |
| 500 ## - NOTA GENERAL | |
| Nota general | Papel con marca de agua |
| 500 ## - NOTA GENERAL | |
| Nota general | Estado de conservación: contiene acidez y los márgenes maltratados |
| 546 ## - NOTA DE LENGUA/LENGUAJE | |
| Nota de lengua/lenguaje | Texto en: español de principios del siglo XVIII |
| 600 14 - PUNTO DE ACCESO ADICIONAL DE MATERIA--NOMBRE DE PERSONA | |
| Nombre de persona | Ayala Altamirano, Nicólas de. |
| Títulos y otros términos asociados al nombre | Obispo |
| 9 (RLIN) | 13647 |
| 650 14 - PUNTO DE ACCESO ADICIONAL DE MATERIA--TÉRMINO DE MATERIA | |
| Término de materia o nombre geográfico como elemento de entrada | Documentos legales |
| Término indicativo de función/relación | Minas |
| Subdivisión de forma | Manuscrito |
| Subdivisión general | Historia |
| Subdivisión cronológica | Colonia, 1521.1821 |
| Subdivisión geográfica | México |
| 9 (RLIN) | 13648 |
| 700 1# - PUNTO DE ACCESO ADICIONAL--NOMBRE DE PERSONA | |
| Nombre de persona | Fernández de la Cueva y de la Cueva, Francisco |
| Numeración | V |
| Títulos y otros términos asociados al nombre | Duque de Alburqueque |
| Fechas asociadas al nombre | 1666-1724 |
| 9 (RLIN) | 13649 |
| 902 ## - CATALOGADOR | |
| Iniciales | FDH |
| 942 ## - ELEMENTOS DE PUNTO DE ACCESO ADICIONAL (KOHA) | |
| Fuente del sistema de clasificación o colocación | Library of Congress Classification |
| Tipo de ítem Koha | Documentos |
| Estado de retiro | Estado de pérdida | Estado dañado | No para préstamo | Localización permanente | Ubicación/localización actual | Fecha de adquisición | Total de préstamos | Signatura topográfica completa | Código de barras | Fecha visto por última vez | Precio válido a partir de | Tipo de ítem Koha |
|---|---|---|---|---|---|---|---|---|---|---|---|---|
| El ejemplar forma parte de la colección y puede ser consultado según las políticas vigentes. | Biblioteca del Museo Franz Mayer (Rogerio Casas-Alatriste) | Biblioteca del Museo Franz Mayer (Rogerio Casas-Alatriste) | 03/12/2010 | DOC148c .A93 1709 | 5756 | 22/03/2019 | 22/03/2019 | Documentos |